| 000 | 00262 a2200109 4500 | ||
|---|---|---|---|
| 999 |
_c299691 _d299691 |
||
| 001 | 64618 | ||
| 003 | NUST | ||
| 005 | 20180119094822.0 | ||
| 008 | 180119b xxu||||| |||| 00| 0 eng d | ||
| 082 | _a620.1123 VOY | ||
| 100 |
_aGeorge Z.Voyiadjis _99043 |
||
| 245 | _aDamage mechanics | ||
| 260 |
_aLondon _bTaylor & Francis _c2005 |
||
| 942 |
_aNUST-CAE _cBK _k620.1123.VOY _2ddc |
||